| 000 | 01050nam a2200265Ia 4500 | ||
|---|---|---|---|
| 003 | CO-CtgCURN | ||
| 005 | 20250407220245.0 | ||
| 008 | 190722s9999 xx 000 0 und d | ||
| 040 |
_aCO-CtgCURN _bspa _ccoctgcurn |
||
| 082 |
_a340.1 _bR741 |
||
| 100 | _aRojas Pineres, Ezequiel Fernando | ||
| 245 | 0 |
_aIntroduccion al derecho / _cEzequiel Fernando Rojas Pineres |
|
| 250 | _a1 edición | ||
| 260 |
_aBogotá, Colombia : _bLeyer, _c1997 |
||
| 300 |
_a412 páginas ; _c22 centímetros |
||
| 504 | _aIncluye referencias bibliográficas | ||
| 505 | _apte. I. Compendio a las nociones fundamentales -- pte. II. De los conceptos juridicos fundamentales -- pte. III. De los conflictos de las leyes -- pte. Iv. El negocio juridico | ||
| 521 | _aAREA PROFESIONAL | ||
| 590 | _aPrograma de Derecho_18 | ||
| 650 | _aDerecho | ||
| 650 | _aFilosofia del derecho | ||
| 942 |
_cBK _h340.1 _iR741 _01 _2ddc _n0 |
||
| 999 |
_c28120 _d28120 |
||